000 00660cab a2200241 4500
001 ABS42117
008 090401t1990 xxu||||| |||| 00| 0 eng d
035 _a(Sirsi) u34802
041 _aeng
100 _aByford, M.
245 _aWeather to test
260 _c1990
350 _a0
490 _aBuilding Today
_v199(5842) 8 February 1990, 28(1)
520 _aAssesses the various different methods of coating timber and reports on their performance .
650 _aPAINT
650 _aPRESERVATIVES
650 _aPROTECTION
650 _aWEATHERPROOFING
690 _aBUILT ENVIRONMENT-BUILDING MATERIALS
942 _n0
948 _c04/03/1997
999 _c22967
_d22967